00680nam a2200241 a 4500001001300000003000900013005001700022008004100039020001000080082001700090100002200107245002900129260003100158300000900189500003500198505001000233650002600243700002200269902000800291942000700299952011700306999001500423nice12345678IN_TiNIC20260116011838.0050524s0000 lona grp 000 0 eng  ac10000a232.921bPRE aPrestige, Leonard aVirgin Birth of Our Lord aLondonbRobert Scottc0000 a135p aincludes index and biblioraphy2 aIndex aJesus Christ-Nativity1 aPrestige, Leonard bSRS cBK 001040708StackRoom-aHMIbHMId2007-06-19g100.00l0o232.921 PREp08343r2007-06-19v100.00w2005-05-24yBK c4390d4390